MARC

LEADER 00000nam0a2200000 4500
001 302106
005 20231102001453.0
035 |a (RuTPU)RU\TPU\book\327302 
090 |a 302106 
100 |a 20150819d1982 m y0rusy50 ca 
101 0 |a rus 
102 |a RU 
105 |a a j 001zy 
200 1 |a Технология электромонтажных работ на электростанциях и подстанциях  |e учебник для техникумов  |f Н. Г. Этус, Л. Н. Махлина 
210 |a Москва  |c Энергоиздат  |d 1982 
215 |a 568 с.  |c ил. 
225 1 |a Для учащихся техникумов 
320 |a Библиогр.: с. 563. 
606 1 |a Электрические станции  |x Электрооборудование  |x Монтаж  |2 stltpush  |3 (RuTPU)RU\TPU\subj\27643  |9 51366 
606 1 |a Электрические подстанции  |x Электрооборудование  |x Монтаж  |2 stltpush  |3 (RuTPU)RU\TPU\subj\27304  |9 51084 
610 1 |a электромонтаж 
610 1 |a электромонтажные работы 
610 1 |a технологическая подготовка 
610 1 |a электромонтажные организации 
610 1 |a подсобное хозяйство 
610 1 |a механизмы 
610 1 |a приспособления 
610 1 |a электрооборудование 
610 1 |a силовые трансформаторы 
610 1 |a монтаж 
610 1 |a заземляющие устройства 
610 1 |a учебники 
675 |a 621.311.4.002.72(075.3)  |v 3 
675 |a 621.311.2.002.72(075.3)  |v 3 
700 1 |a Этус  |b Н. Г.  |g Натан Григорьевич 
701 1 |a Махлина  |b Л. Н.  |g Людмила Натановна 
801 1 |a RU  |b 63413507  |c 20150819 
801 2 |a RU  |b 63413507  |c 20201026  |g RCR 
942 |c BK